| 000 | 01790cam a22005053i 4500 | ||
|---|---|---|---|
| 003 | PE-LiUPU | ||
| 005 | 20250731172847.0 | ||
| 008 | 150729s2012 xx 000 0 eng d | ||
| 020 | _a0687052637 | ||
| 020 | _a9780687052639 | ||
| 020 |
_a9781426772498 _q(soft cover) |
||
| 035 | _a(Sirsi) i9780687052639 | ||
| 040 |
_aYDXCP _bspa _cYDXCP _dOCLCQ _dPE-LiUPU |
||
| 049 | _aPRUA | ||
| 082 | 0 | 0 |
_a225.6 _bM45 _220 |
| 100 | 1 |
_aMetzger, Bruce M., _eautor. |
|
| 245 | 1 | 4 |
_aThe New Testament : _bIts background, growth, and content / _cBruce M. Metzger. |
| 264 |
_a[Place of publication not identified] : _bAbingdon, _c2012. |
||
| 300 |
_axv, 370 páginas : _bilustraciones ; _c23 centímetros. |
||
| 336 |
_atext _2rdacontent |
||
| 337 |
_aunmediated _2rdamedia |
||
| 338 |
_avolume _2rdacarrier |
||
| 504 | _aBibliografía : páginas 357-360. | ||
| 504 | _aÍndices : páginas 371-370. | ||
| 505 | 0 | _aThe background of the new testament period -- Aspect of the life and teaching of Jesus Christ -- The apostolic Age. | |
| 526 | _aSEG42 | ||
| 526 | _aSEG41 | ||
| 526 | _aSEG40 | ||
| 526 | _aSEG39 | ||
| 526 | _aP94 | ||
| 526 | _aP87 | ||
| 526 | _aP86 | ||
| 526 | _aP85 | ||
| 526 | _aP77 | ||
| 526 | _aP76 | ||
| 526 | _aP35 | ||
| 650 | 0 | 4 |
_aBiblia. _pN.T. _vLibros de texto. |
| 910 |
_jck _bhop _chop _d20160602 |
||
| 942 |
_2ddc _cBOOK |
||
| 949 |
_a225.6 M45 _wDEWEY _c1 _i73239 _lCCODEBUL1 _mBUL _p29.69 _r0 _sY _tBOOK _u2016-5-30 _xTEOLOGIA _PP85 _0COMPRA _o.STAFF. Posgrado |
||
| 994 |
_aC0 _bPEPRU |
||
| 596 | _a1 | ||
| 999 |
_a225.6 M45 _wDEWEY _c9704 _i73239 _d9704 _f2021-11-9 _g6 _lCCODEBUL1 _mBUL _p29.69 _q1 _r0 _sY _tBOOK _u2016-5-30 _xTEOLOGIA _PP85 _0COMPRA _o.STAFF. Posgrado |
||
| 980 |
_81 _gALBERTO SANCHEZ Responsable de Automatización |
||